000 00687nam a22001937a 4500
003 OSt
005 20251023024602.0
008 251023b |||||||| |||| 00| 0 eng d
020 _a 978-971-506-717-1
040 _aDWC-Main lib.
_cOC
082 _aFil. 428.0071 D278L 2013
100 _aImelda P. De Castro
245 _aLearning the basics of Filipino (magsalita, magsulat, at magkaunawaan tayo sa Filipino)/
_cImelda P. De Castro
260 _aManila
_b: UST Publishing House,
_c c2013.
300 _a137 pages
_b: illustrations
_c ; 28 cm.
650 _a Filipino language--Study and teaching.
650 _a2. Filipino language--Grammar.
942 _2ddc
_cBK - FIL
_kFil.
_n0
999 _c5039
_d5039